| 000 | 00692cab a2200205 4500 | ||
|---|---|---|---|
| 001 | WB2715-19 | ||
| 008 | 090401t1991 xxu||||| |||| 00| 0 eng d | ||
| 035 | _a(Sirsi) u56732 | ||
| 041 | _aeng | ||
| 245 | _aEasement cannot be acquired | ||
| 260 | _c1991 | ||
| 350 | _a0 | ||
| 490 |
_aTimes _v16/4/91 p28 |
||
| 520 | _aIt was held in Simmons v Dobson and another CA 27 March 1991, that one leaseholder could not acquire an easement under the doctrine of lost modern grant against another leaseholder holding under the same landlord. | ||
| 650 | _aPATHWAY | ||
| 650 | _aPRESCRIPTION ACT 1832 S2 | ||
| 690 | _aHIGHWAYS RIGHTS OF WAY AND EASEMENTS | ||
| 942 | _n0 | ||
| 948 | _c04/03/1997 | ||
| 999 |
_c34628 _d34628 |
||